[Event "93rd ARG-ch 2018"]
[Site "Laprida"]
[Date "2018.07.23"]
[Round "6"]
[White "Sosa, Tomas"]
[Black "Villanueva, Mario"]
[Result "1/2-1/2"]
[WhiteElo "2467"]
[BlackElo "2481"]
[Annotator "TA"]
[PlyCount "62"]
[EventDate "2018.07.17"]
[EventType "tourn"]
[EventCountry "ARG"]
[SourceTitle "playchess.com"]
[Source "ChessBase"]
[SourceQuality "1"]

{[%evp 22,62,29,26,26,24,11,0,2,16,16,8,12,18,8,0,26,6,6,6,3,14,7,8,183,177,200,181,177,68,243,232,215,60,53,0,0,0,59,0,0,0,62]} 1. e4 e6 2. d4 d5 3. Nd2 c5 4. exd5 exd5 5. Ngf3 Nc6 6. Bb5 Qe7+ 7. Be2 Qc7 {C09: French Tarrasch: 3...c5 4 exd5 exd5 5 Ngf3 Nc6} 8. O-O Nf6 9. dxc5 Bxc5 10. Nb3 Be7 11. Bg5 O-O 12. c3 {LiveBook: 13 Games} Be6 13. Nfd4 Rae8 14. Bh4 Ne4 15. Bxe7 Rxe7 16. Re1 $146 Qf4 17. Bf3 Ng5 18. Re3 Rfe8 19. Qe2 Bd7 {[%cal Re7e3]} 20. Bxd5 Rxe3 21. fxe3 Rxe3 22. Qf2 Qe5 $2 (22... Qxf2+ $1 $11 {and Black has nothing to worry.} 23. Kxf2 Re5) 23. h4 $1 $18 {[%cal Rh4g5]} Ne6 24. Nf3 $36 {[%mdl 2048] White is on the roll.} Qf4 25. g3 (25. Rd1 $1 $18) 25... Qd6 $2 {[#]} ({Black should try} 25... Qc7 $1 $14) 26. Rd1 $1 ({Not} 26. Qxe3 Qxg3+ 27. Kh1 Qh3+ 28. Kg1 Qg3+ 29. Kh1 Qh3+ 30. Kg1 Qg3+ $11) 26... Ne7 {[#]} 27. Qxe3 $2 ({White must play} 27. c4 $1 $18) 27... Qxg3+ $14 28. Kh1 {Threatens to win with Bxe6.} Qh3+ 29. Kg1 Qg3+ $1 30. Kh1 {aiming for Bxe6.} Qh3+ 31. Kg1 Qg3+ $1 {Precision: White = 53%, Black = 37%.} 1/2-1/2

[Event "93rd ARG-ch 2018"]
[Site "Laprida"]
[Date "2018.07.23"]
[Round "6"]
[White "Lorenzini, Martin"]
[Black "Pichot, Alan"]
[Result "0-1"]
[WhiteElo "2423"]
[BlackElo "2564"]
[Annotator "TA"]
[PlyCount "126"]
[EventDate "2018.07.17"]
[EventType "tourn"]
[EventCountry "ARG"]
[SourceTitle "playchess.com"]
[Source "ChessBase"]
[SourceQuality "1"]

{[%evp 24,126,-29,-42,-40,-43,-7,-2,-6,-11,-10,-12,0,-7,-4,-22,6,21,10,0,2,16,13,19,12,0,0,0,0,0,13,0,0,0,0,-110,-110,-109,-110,-108,-103,-110,-112,-118,-119,-122,-120,-120,-110,-125,-125,-125,-125,-125,-125,-131,-131,-132,-86,-111,0,-135,-110,-93,-73,-127,-97,-155,-152,-139,-140,-214,-90,-212,-210,-204,-195,-414,-390,-460,-452,-353,-345,-683,-589,-1418,-1487,-1357,-1262,-1300,-1221,-9260,-5542,-29970,-29971,-29971,-29972,-29972,-29971,-29972,-29972,-29973,-29975,-29975,-29974]} 1. e4 c5 2. Nf3 e6 3. c3 Nf6 4. e5 Nd5 5. d4 cxd4 6. cxd4 d6 7. a3 Bd7 8. Bd3 Bc6 9. O-O Nd7 {[%cal Bb8d7,Bd7b6,Bb6a4][%mdl 32]} 10. b4 a6 11. Re1 Rc8 {B22: Sicilian: 2 c3} 12. Bb2 N7b6 13. Nbd2 {LiveBook: 4 Games} Na4 {Black is slightly better.} 14. Qb3 {[#]} Be7 $146 (14... Ndb6 $5 {[%cal Rc6d5]} 15. Be4 d5 $15) ({Predecessor:} 14... Ndb6 15. Be4 d5 16. Bd3 Bb5 17. Bxb5+ axb5 18. Rac1 Nc4 19. Ba1 {0-1 (28) Velchev,H (2319)-Nielsen,P (2670) Plovdiv 2010}) 15. Rac1 {Threatens to win with exd6.} Nxb2 16. Qxb2 O-O 17. Qb1 h6 18. g3 dxe5 19. dxe5 a5 {[%cal Ra5b4]} 20. b5 $1 {[%cal Rb5c6]} Bd7 21. Rxc8 (21. Qb3 {is more complex.} Bc5 22. a4 Bb4 23. Rf1 Rc7 24. Nc4) 21... Qxc8 22. Rc1 Qb8 23. a4 Bb4 24. Ne4 Nb6 25. Qb3 Rd8 26. Bc2 (26. Bb1 {keeps more tension.} Kf8 27. Ba2 Kg8 28. Rd1 Be8 29. Bb1) 26... Be8 27. Rd1 Rxd1+ 28. Bxd1 Qc7 29. Bc2 (29. Qe3 $11) 29... Nc4 $17 30. Nd6 Nxd6 31. exd6 Qxd6 32. Be4 b6 33. Qc4 Bc5 34. Bc2 g6 35. Qe4 Kg7 36. Bb3 Qd8 37. Kg2 Qf6 38. h4 Bd7 39. Bc2 h5 40. Qe2 Qb2 41. Ng5 {Nxf7! would now be nice for White.} Qf6 42. Nf3 $1 Bc8 43. Be4 Qa1 44. Bc6 ({Better is} 44. Qc2) 44... Qc3 ({Don't take} 44... Qxa4 45. Qe5+ Kg8 46. Qb8 $15) 45. Ng5 ({White should try} 45. Be8) 45... Be7 $1 46. Nf3 Bf6 47. Qd1 {[#]} (47. Qa2 $17) 47... Qc5 (47... e5 $1 $19 {has better winning chances.} 48. Qd5 Be6) 48. Qd3 {[#]} (48. Qb3 $17) 48... e5 $1 $19 49. Bd5 Bf5 50. Qb3 $2 (50. Be4 Be6 51. Ng5) 50... Bc2 51. Qa2 {[#]} Bxa4 $1 {[%mdl 512]} 52. Bxf7 (52. Qxa4 Qxd5) 52... Bxb5 53. Bxg6 $2 (53. Bg8 Qc7 54. Bd5) 53... Qc4 54. Qb1 {[#]} Qf1+ $1 {[%mdl 512]} 55. Qxf1 Bxf1+ 56. Kxf1 Kxg6 {[%mdl 4096] Endgame KB-KN} 57. Ke2 a4 58. Kd3 {[#]} e4+ $1 {[%mdl 512] Black mates.} 59. Kxe4 a3 60. Nd2 a2 61. Nb3 a1=Q 62. Nxa1 Bxa1 63. f3 Bc3 {Precision: White = 30%, Black = 74%.} 0-1

[Event "93rd ARG-ch 2018"]
[Site "Laprida"]
[Date "2018.07.23"]
[Round "6"]
[White "Paveto, Kevin"]
[Black "Slipak, Sergio"]
[Result "1-0"]
[WhiteElo "2416"]
[BlackElo "2411"]
[Annotator "TA"]
[PlyCount "155"]
[EventDate "2018.07.17"]
[EventType "tourn"]
[EventCountry "ARG"]
[SourceTitle "playchess.com"]
[Source "ChessBase"]
[SourceQuality "1"]

{[%evp 16,155,31,27,23,23,29,31,50,45,46,32,54,38,34,24,81,80,85,83,75,82,77,82,85,77,85,68,100,100,100,104,101,85,87,85,85,85,85,85,85,85,79,79,89,89,89,66,89,44,89,84,89,89,89,89,122,122,122,109,122,89,122,122,122,122,122,122,122,122,122,122,122,122,122,122,122,122,122,122,114,77,91,14,16,15,16,0,17,0,23,0,16,14,34,0,0,0,8,8,8,11,63,63,63,9,20,0,5,5,97,2,2,0,18,18,152,151,6223,5393,1023,910,29976,29977,29977,29978,29978,29979,29979,29980,29980,29981,29981,29982,29982,29983,29982,29983,29983,29984,29987,29987]} 1. e4 e6 2. d4 d5 3. exd5 exd5 4. Nf3 Nf6 5. Bd3 Bd6 6. Qe2+ Qe7 7. Qxe7+ Bxe7 8. Bf4 {C01: Französische Verteidigung (Abtauschvariante)} c6 9. O-O {LiveBook: 6 Partien} Nbd7 $146 ({Vorgänger:} 9... O-O 10. Re1 Re8 11. Nbd2 Bg4 12. Ne5 Be6 13. Nb3 a5 14. Nc5 Bxc5 15. dxc5 Nbd7 16. Nxd7 Bxd7 {1-0 (33) Carlsen,M (2838)-Meier,G (2630) chess.com INT 2017}) 10. Re1 {Weiß hat minimalen Vorteil.} Nf8 11. Bd6 Be6 12. Bxe7 Kxe7 13. a4 h6 14. Ne5 N6d7 15. f4 {f5 ist eine echte Drohung.} f6 (15... Nxe5 $11 {hält das Gleichgewicht.} 16. Rxe5 (16. dxe5 g6 $11) 16... g6) 16. Nf3 $16 {zielt auf f5 ab.} Kd6 17. f5 $36 {[%mdl 2048] Weiss hat starke Initiative.} Bf7 18. Nbd2 Nh7 19. c4 {[%cal Bc2c4,Bc4c5][%mdl 32]} Rhe8 20. c5+ Kc7 21. h4 Rxe1+ 22. Rxe1 Re8 23. Rxe8 (23. a5 {feels hotter.} Nhf8 24. Kf2 b6 25. b4 g5 26. Rxe8 Bxe8 27. Nf1) 23... Bxe8 24. a5 b6 25. axb6+ axb6 {[#]} 26. b4 $1 b5 27. Nf1 Nb8 28. Ne1 Na6 29. Nc2 Kd7 30. Kf2 Bf7 31. Nd2 Nf8 32. Nb3 Kc7 33. Ke3 Bh5 34. Kd2 Bf7 35. Kc3 Be8 36. Ne3 Bf7 37. g3 Kd7 38. Ng2 Nc7 39. Nf4 Ne8 40. Nd2 Ke7 41. Nf1 Nc7 42. Ne3 Kd7 43. Be2 Ke7 44. Nd3 Be8 45. Nc1 Kd7 46. Nb3 Bf7 47. Na5 Ne8 48. Nc2 g6 49. fxg6 (49. g4 $16) 49... Nxg6 $11 50. Ne3 {Und weiter mit Sf5 wäre nett.} Ne7 51. Bd3 Be6 52. Ng2 Bf5 53. Be2 Kc7 54. Nf4 Ng7 55. Bf3 Bd7 56. g4 f5 57. g5 hxg5 58. hxg5 Ne6 (58... Be8 $1 $11) 59. Nxe6+ $14 Bxe6 {[%mdl 4096] Endspiel KLS-KLS} 60. Bh5 ({Günstiger ist} 60. Nb3 $14) 60... f4 $11 61. Be8 Bf5 62. Kd2 Be4 {[#]} (62... Bd7 $1 $11 63. Bf7 Nf5) 63. Ke2 (63. Ke1 $1 $16) 63... Nf5 $1 64. g6 {[%cal Bg5g6,Bg6g7][%mdl 32]} Nxd4+ 65. Kf2 Bf5 (65... Ne6 $11 {bleibt in der Remisbreite.}) 66. Bf7 $16 Ne6 $2 (66... Kd7 $16) 67. Bxe6 $1 $18 Bxe6 {KL-KS} 68. Nb3 Bf5 69. g7 {Weiß setzt Matt.} Bh7 70. Nd4 Kd7 71. Kf3 Ke7 72. Kxf4 Kf6 73. Nxc6 Kxg7 74. Ke5 Kf7 75. Nd4 Ke7 76. Nxb5 Kd7 77. Nd4 Bg8 78. b5 {Precision: Weiß = 57%, Schwarz = 46%.} 1-0

[Event "93rd ARG-ch 2018"]
[Site "Laprida"]
[Date "2018.07.23"]
[Round "6"]
[White "Benedetti, Julio"]
[Black "Peralta, Fernando"]
[Result "0-1"]
[WhiteElo "2364"]
[BlackElo "2563"]
[Annotator "TA"]
[PlyCount "84"]
[EventDate "2018.07.17"]
[EventType "tourn"]
[EventCountry "ARG"]
[SourceTitle "playchess.com"]
[Source "ChessBase"]
[SourceQuality "1"]

{[%evp 21,84,-8,0,0,5,-23,-11,-18,-6,-17,-12,-25,-14,-72,-63,-58,-72,-62,-69,-97,-74,-97,-102,-101,-106,-94,-74,-95,-63,-120,-30,-39,-29,-26,-3,-6,-10,-22,-22,-27,-22,-30,-54,-158,-132,-145,-155,-99,-27,-55,-22,-54,-52,-58,-55,-117,-105,-123,-136,-260,-237,-925,-874,-29984,-29979]} 1. e4 e6 2. d4 d5 3. Nc3 Nf6 4. e5 Nfd7 5. f4 c5 6. Nf3 Nc6 7. Be3 a6 8. Qd2 b5 9. dxc5 Bxc5 10. Bxc5 Nxc5 11. Nd4 Qb6 {LiveBook: 3 Partien. C11: Französische Verteidigung} (11... Bb7 12. Nxc6 Bxc6 13. Qd4 Qb6 14. b4 Nd7 15. Qxb6 Nxb6 16. a3 g5 17. fxg5 Nd7 18. Ne2 Nxe5 19. Nd4 {0-1 (48) Macieja,B (2622)-Malakhatko,V (2617) Warsaw 2006}) 12. Nxc6 Qxc6 13. Qd4 O-O {Schwarz hat minimalen Vorteil.} 14. Be2 b4 $146 ({Vorgänger:} 14... f6 15. exf6 Rxf6 16. O-O Bb7 17. b4 Nd7 18. Bd3 Rc8 19. Nd1 {1-0 (31) Weber,P (2205)-Lemanczyk,T (2082) Germany 1999}) 15. Qxb4 a5 16. Qd4 Rb8 17. a3 (17. Rb1 $11) 17... Rxb2 $17 18. Nxd5 {[#] Se7+ ist eine echte Drohung.} Rb7 $1 $36 {[%mdl 2048] Läuft bei Schwarz.} 19. Nc3 Qxg2 20. Rf1 Rc7 21. Nb5 Ba6 {Droht stark ...Lxb5.} 22. Qf2 Qxf2+ 23. Rxf2 {[#]} Bxb5 $1 24. Bxb5 Rb8 25. Rd2 (25. a4 $15) 25... g5 (25... Ne4 $17 26. Rd4 Rxc2) 26. a4 $1 $11 gxf4 (26... Ne4 $5 {[%cal Re4d2]} 27. Rd4 Nc3 $11) 27. Rd4 Kf8 28. Kf2 Ke7 29. Rg1 Nd7 30. Bxd7 {Und Lb5 würde nun gewinnen.} Rxd7 31. Rxd7+ Kxd7 {[%mdl 4096] Endspiel KT-KT} 32. Rd1+ ({Besser ist} 32. Rg7 $15) 32... Ke7 33. Rd4 Rc8 34. c4 Rb8 (34... Rc5 $17 35. Re4 Kf8) 35. Rxf4 Rb4 36. Ke3 Rxa4 {Und weiter mit ...Ta2 wäre nett.} 37. Kd4 Ra1 38. Rh4 ({Günstiger ist} 38. Rf2 $15) 38... a4 $17 {[%cal Ba5a4,Ba4a3][%mdl 32] Droht ...a3 und aus.} 39. Kc3 Rb1 40. Kc2 (40. Rg4 $17) 40... Rb4 $19 41. Kc3 $2 (41. Rxh7 Rxc4+ 42. Kb2) 41... a3 42. Rxh7 Rb1 {Precision: Weiß = 33%, Schwarz = 61%.} 0-1

[Event "93rd ARG-ch 2018"]
[Site "Laprida"]
[Date "2018.07.23"]
[Round "6"]
[White "Gomez, Carlos David"]
[Black "Pierrot, Facundo"]
[Result "1-0"]
[WhiteElo "2356"]
[BlackElo "2389"]
[Annotator "TA"]
[PlyCount "73"]
[EventDate "2018.07.17"]
[EventType "tourn"]
[EventCountry "ARG"]
[SourceTitle "playchess.com"]
[Source "ChessBase"]
[SourceQuality "1"]

{[%evp 21,73,8,16,0,46,50,44,50,41,45,55,39,63,0,64,14,57,32,43,20,35,34,78,48,71,79,113,72,133,131,125,74,94,50,165,170,161,110,97,115,124,122,207,218,501,489,470,476,681,662,684,711,877,887]} 1. d4 Nf6 2. c4 g6 3. Nc3 d5 4. cxd5 Nxd5 5. Bd2 Bg7 6. e4 Nxc3 7. Bxc3 O-O 8. Bc4 c5 {D85: Exchange Grünfeld: Unusual White 7th moves and lines with 7 Nf3} 9. d5 Bxc3+ 10. bxc3 Qd6 11. Nf3 Bg4 {LiveBook: 6 Games} 12. e5 Bxf3 $146 ({Predecessor:} 12... Qc7 13. O-O Bxf3 14. Qxf3 Qxe5 15. Rab1 Nd7 16. Rfe1 Qd6 17. Rxb7 Rfb8 18. Rb3 Ne5 19. Qe4 Nxc4 20. Qxc4 Rxb3 21. axb3 Rd8 {½-½ (21) Grachev,B (2653)-Vachier Lagrave,M (2730) Moscow 2010}) 13. exd6 Bxd1 14. dxe7 Re8 15. Kxd1 Rxe7 16. Rb1 $1 b6 17. Bb5 ({White should play} 17. Kc2 $14 Nd7 18. Rhe1) 17... Nd7 ({Black should try} 17... a6 $11 18. Be2 Nd7) 18. Re1 (18. Bxd7 $5 Rxd7 19. c4 $11) 18... Kf8 19. Kc2 $36 {[%mdl 2048] And now Rxe7 would win. White has good play.} (19. Bxd7 $5 Rxd7 20. c4 $11) 19... Rd8 20. f3 c4 21. Bxc4 Nc5 22. Red1 Rc7 23. Bb5 Nb7 24. Rd4 Rc5 (24... Re7 $142) 25. c4 Nd6 26. g4 (26. a4 $142) 26... h5 $16 27. gxh5 Kg7 (27... Nf5 $1 $14 28. Rd3 gxh5) 28. hxg6 $18 fxg6 29. Kc3 (29. a4 $18) 29... Rf8 $16 30. f4 Rh8 31. a4 {[%cal Ba2a4,Ba4b5][%mdl 32]} Rxh2 {[#]} (31... Rh3+ $16 {might work better.} 32. Rd3 Rh4) 32. Re1 $1 $18 Nf5 $2 (32... Rh3+ 33. Rd3 Rxd3+ 34. Kxd3 Rc7) 33. Rd3 {White is clearly winning.} Nd6 34. Re6 Nxb5+ (34... Nf7 $142 35. Re7 Rf2 36. Rxa7 Rxf4) 35. axb5 Kf7 36. Rc6 Rh8 37. Re3 {Precision: White = 55%, Black = 20%.} 1-0

[Event "93rd ARG-ch 2018"]
[Site "Laprida"]
[Date "2018.07.23"]
[Round "6"]
[White "Lujan, Carolina"]
[Black "Acosta, Pablo Ismael"]
[Result "1/2-1/2"]
[WhiteElo "2329"]
[BlackElo "2432"]
[Annotator "TA"]
[PlyCount "105"]
[EventDate "2018.07.17"]
[EventType "tourn"]
[EventCountry "ARG"]
[SourceTitle "playchess.com"]
[Source "ChessBase"]
[SourceQuality "1"]

{[%evp 26,105,13,0,61,51,98,91,73,0,2,0,0,0,0,15,26,18,26,0,20,0,0,0,0,0,0,0,41,0,0,0,0,0,0,-20,0,0,0,0,0,0,0,0,0,0,0,0,0,0,0,0,0,0,0,0,0,0,0,0,0,0,0,0,0,0,0,0,0,0,0,0,0,0,0,0,0,0,0,0,0,0]} 1. e4 c5 2. Nf3 Nc6 3. d4 cxd4 4. Nxd4 e6 5. Nc3 Qc7 6. Be2 Nf6 7. O-O a6 8. Kh1 Bb4 9. Qd3 Nxd4 10. Qxd4 Bc5 11. Qd3 b5 12. f4 Bb7 13. Bf3 d5 {B47: Sicilian: Taimanov: 5 Nc3 Qc7 6 f4, 6 g3 and 6 Be2} 14. exd5 {LiveBook: 3 Games} O-O-O ({Black should try} 14... O-O $11) (14... O-O 15. Be3 Rfd8 16. Bxc5 Qxc5 17. a4 b4 18. Ne4 Nxe4 19. Bxe4 g6 20. c4 bxc3 21. Rac1 Bxd5 22. Bxd5 Rxd5 23. Qxc3 {0-1 (67) Dervishi,E (2552)-Kasimdzhanov,R (2683) Riadh 2017}) 15. Be3 $14 Nxd5 $146 {White is slightly better.} ({Predecessor:} 15... Bxd5 16. Nxd5 Nxd5 17. Bxc5 Qxc5 18. a4 Nc7 19. Qe4 Qd5 20. Qb4 Qc4 21. Qe7 {1-0 (36) Tokarski,B (2138)-Szumilas,P (2038) Leba 2008}) 16. Nxd5 Bxd5 17. Qc3 (17. Bxc5 $16 Qxc5 18. a4) 17... Bxf3 $11 18. Rxf3 Bxe3 19. Qxe3 Rd5 20. a4 {White wants to play axb5.} b4 ({Of course not} 20... Qxc2 21. axb5 Rd1+ 22. Rf1 $16) 21. Qe4 Qb7 22. Rd3 Rxd3 23. Qxd3 {[%mdl 4096] Endgame KQR-KQR} Rd8 $1 {[%cal Rd8d3]} 24. Qxh7 g6 25. h3 Qc7 26. Rf1 Rd2 27. Qg7 a5 {The position is equal.} 28. Qf8+ Kb7 29. Qe8 Rxc2 30. Qb5+ Ka7 31. Rd1 $1 {[%cal Rd1d7] [#] Strongly threatening Rd7.} Rc1 32. Qf1 $1 Rxd1 (32... Rc5 {looks sharper.} 33. Rd4 Qc6 34. Kh2 Kb7 35. Qd1 Rc2) 33. Qxd1 Qxf4 {KQ-KQ} 34. Qd7+ Kb8 {[#] And now ...Qc1+ would win.} 35. Qd8+ Kb7 36. Qxa5 Qc1+ 37. Kh2 Qxb2 38. Qb5+ Kc7 39. Qc5+ Kd7 40. Qa7+ Ke8 {aiming for ...Qe5+.} 41. Qb8+ Ke7 42. a5 b3 43. a6 Qa3 44. Qb7+ Kf6 45. Qf3+ Kg7 46. Qc3+ Kg8 47. Qc8+ $1 Kh7 {White must now prevent ...Qd6+.} 48. Qc7 Kg7 49. Qc3+ Kf8 50. Qc8+ Ke7 51. Qb7+ Kf6 52. Qf3+ Kg7 53. Qc3+ {Precision: White = 82%, Black = 60%.} 1/2-1/2

[Event "93rd ARG-ch 2018"]
[Site "Laprida"]
[Date "2018.07.24"]
[Round "7"]
[White "Pichot, Alan"]
[Black "Real De Azua, Ernesto"]
[Result "1/2-1/2"]
[WhiteElo "2564"]
[BlackElo "2496"]
[Annotator "TA"]
[PlyCount "37"]
[EventDate "2018.07.17"]
[EventType "tourn"]
[EventCountry "ARG"]
[SourceTitle "playchess.com"]
[Source "ChessBase"]
[SourceQuality "1"]

{[%evp 15,37,19,23,-16,-12,-26,-30,-25,-31,-56,-32,-55,-7,-16,-10,-11,0,-34,-31,-31,-31,-30,-22,-21]} 1. e4 {[%cal Be2e4,Be4e5][%mdl 32]} c6 2. d4 d5 3. e5 Bf5 4. Nf3 e6 5. Be2 Ne7 6. O-O c5 7. c4 Nbc6 8. Na3 {B12: Caro-Kann (Vorstoß-Variante)} (8. dxc5 d4 9. Qb3 Qc7 10. Na3 a6 11. Rd1 Rd8 12. Nc2 Bxc2 13. Qxc2 Ng6 14. a3 Bxc5 15. b4 Ba7 {0-1 (55) Vachier Lagrave,M (2789)-Anand,V (2759) Leuven 2018}) 8... a6 {LiveBook: 21 Partien} 9. Bg5 $146 (9. dxc5 {seems wilder.} d4 10. Qa4 Ng6 11. b4 Be7 12. Rd1) ({Vorgänger:} 9. dxc5 d4 10. Qa4 Ng6 11. Rd1 Bxc5 12. b4 Ba7 13. c5 O-O 14. Nc4 d3 15. Bg5 Qd7 {½-½ (26) Sasikiran,K (2674)-Tari,A (2596) Moscow 2017}) 9... h6 10. Bxe7 (10. Be3 {looks sharper.} cxd4 11. Nxd4 Nxd4 12. Bxd4 Nc6 13. cxd5 Qxd5 14. Bb6) 10... Bxe7 11. cxd5 exd5 12. dxc5 Bxc5 13. Rc1 Bxa3 14. bxa3 d4 {[#] Droht stark ...d3.} 15. Qb3 Qd7 16. Rfd1 O-O 17. Rd2 Rad8 18. Rcd1 Qe7 19. h3 1/2-1/2

[Event "93rd ARG-ch 2018"]
[Site "Laprida"]
[Date "2018.07.24"]
[Round "7"]
[White "Peralta, Fernando"]
[Black "Gomez, Carlos David"]
[Result "1-0"]
[WhiteElo "2563"]
[BlackElo "2356"]
[Annotator "TA"]
[PlyCount "97"]
[EventDate "2018.07.17"]
[EventType "tourn"]
[EventCountry "ARG"]
[SourceTitle "playchess.com"]
[Source "ChessBase"]
[SourceQuality "1"]

{[%evp 10,97,39,28,47,41,59,27,22,10,8,9,72,30,41,19,64,19,12,0,0,0,0,0,0,-27,0,0,0,0,7,3,139,111,379,362,363,363,351,357,364,336,381,147,576,575,573,516,516,374,249,0,145,149,216,0,527,526,512,475,731,681,543,477,837,733,29960,29961,29960,0,198,0,29962,29963,29963,29963,29954,29960,29963,29964,29969,29970,29970,29971,29973,29974,29973,29973,29972,29973]} 1. d4 d5 2. Nf3 Nc6 3. Bf4 Bg4 4. e3 e6 5. c4 Bd6 6. Bg3 {LiveBook: 49 Games} f5 {D02: 1 d4 d5 2 Nf3 sidelines, including 2...Nf6 3 g3 and 2...Nf6 3 Bf4} (6... Nge7 7. Nc3 O-O 8. cxd5 exd5 9. Be2 Qd7 10. Bxd6 Qxd6 11. O-O Nd8 12. Qb3 c6 13. Ne5 Bxe2 14. Nxe2 {0-1 (54) Xu,J (2510)-Short,N (2683) Caleta 2014}) 7. Nc3 Nf6 $146 ({Predecessor:} 7... Nh6 8. Rc1 Ne7 9. Bxd6 Qxd6 10. cxd5 Nxd5 11. Qa4+ c6 12. Ne5 O-O 13. g3 {½-½ (25) Lock,G (2208)-Seymour,T (2070) Coulsdon 2006}) 8. Be2 O-O {White has an edge.} 9. O-O Bxf3 10. Bxf3 {[%cal Rc4d5]} dxc4 (10... Bxg3 $11 {remains equal.} 11. hxg3 Ne7) 11. Bxc6 bxc6 12. Qa4 Qe8 13. Ne2 Rb8 14. Qxc4 Rxb2 15. Rab1 Rb6 16. Rfc1 Nd5 17. Be5 Ba3 18. Rd1 Qd7 19. Qa4 $36 {[%mdl 2048] White fights for an advantage.} Bb4 20. Qxa7 c5 (20... Rfb8 $11) 21. a3 $16 {[%cal Ba2a3,Ba3b4,Bb4b5][%mdl 32]} Qc6 $2 {[%mdl 8192]} (21... Qb5 $16) 22. axb4 $18 Ra8 23. b5 $1 {[%cal Rb5c6]} Qe8 24. Qxa8 Qxa8 25. dxc5 Rb7 26. Nf4 $2 (26. c6 $18 {is the precise move to win.} Rb6 27. Bd4) 26... Nxf4 $2 {[%mdl 8192]} (26... Qa4 $16) 27. exf4 ({And not} 27. Bxf4 Qa4 $11) 27... Qa4 28. Rd8+ Kf7 29. Rd7+ Ke8 30. Rxc7 $2 (30. Rbd1 $1 $18 {White wants to mate with Rd8+.} Qxb5 31. Rd8+ (31. Rxg7 $2 Qd3 $19) 31... Ke7 32. h3) 30... Rxb5 (30... Rxc7 $11 31. Bxc7 Qc2) 31. Rf1 $1 $16 Qc2 {[#]} (31... g5 $16) 32. h4 $2 ({Stronger than} 32. Rxg7 Rb1 $14) (32. h3 $1 $18) 32... Rxc5 $2 {[%mdl 8192]} (32... Rb1 $1 $11 {and Black is okay.} 33. Rxb1 Qxb1+ 34. Kh2 Qa2) 33. Rxg7 $18 Rd5 34. Rxh7 Rd1 {[#]} (34... Kf8 $142 35. Kh2 Rd1 36. Rxd1 Qxd1) 35. Rxd1 $1 Qxd1+ {[%mdl 4096] Endgame KQ-KRB} 36. Kh2 Qe2 (36... Qf1 $142 37. f3 Kf8) 37. f3 Qe1 38. Bf6 Qe3 39. Be5 $2 (39. Bg5 {mates} Qc3 40. Re7+ Kf8 41. Rxe6 Qh8 42. Rf6+ Kg8 43. Rxf5 Qh7 44. Rb5) 39... Qe1 $1 40. Bf6 $2 (40. Bg7 $18) 40... Qe3 $1 41. Bg5 {White mates.} Kf8 42. h5 {[%cal Bh4h5,Bh5h6][%mdl 32]} e5 43. Re7 Qf2 44. Rxe5 Qc2 45. Re7 Kg8 46. h6 Qb2 47. Rg7+ Kh8 48. Rf7 Kg8 49. Bf6 {Precision: White = 48%, Black = 36%.} 1-0

[Event "93rd ARG-ch 2018"]
[Site "Laprida"]
[Date "2018.07.24"]
[Round "7"]
[White "Perez Ponsa, Federico"]
[Black "Lujan, Carolina"]
[Result "1/2-1/2"]
[WhiteElo "2547"]
[BlackElo "2329"]
[Annotator "TA"]
[PlyCount "95"]
[EventDate "2018.07.17"]
[EventType "tourn"]
[EventCountry "ARG"]
[SourceTitle "playchess.com"]
[Source "ChessBase"]
[SourceQuality "1"]

{[%evp 16,95,51,37,57,65,66,22,36,27,44,35,68,59,61,61,64,63,56,57,60,25,8,-26,58,38,26,30,37,24,60,38,54,5,6,27,24,13,20,7,14,0,0,2,18,0,0,0,0,0,40,0,18,0,0,0,0,0,92,0,0,0,0,0,0,0,0,0,0,0,0,0,0,0,0,0,0,0,0,0,0,-6]} 1. e4 c5 2. Nf3 Nc6 3. d4 cxd4 4. Nxd4 e5 5. Nb5 d6 6. c4 f5 {B32: Sicilian: Löwenthal and Kalashnikov Variations} (6... Be7 7. N1c3 a6 8. Na3 Be6 9. Be2 Rc8 10. O-O Nf6 11. Be3 O-O 12. Qd2 Nd7 13. Rac1 Nc5 14. f3 Nd4 15. Bxd4 exd4 16. Qxd4 Qb6 17. Rc2 Bf6 18. Qe3 Qb4 19. Qd2 Na4 20. Nd5 {½-½ (37) Anand,V (2779)-Caruana,F (2823) Saint Louis 2016}) 7. exf5 Bxf5 8. Bd3 Be6 9. O-O {LiveBook: 4 Games} a6 10. N5c3 Nf6 11. Bg5 Be7 12. Nd2 Nd4 13. Nb3 $146 {Strongly threatening Nxd4.} ({Predecessor:} 13. Ne2 Nf5 14. Qa4+ {½-½ (49) Jakubiec,E (2204)-Krupa,M (2272) Karpacz 2008}) 13... Nxb3 14. axb3 Ng4 15. Bd2 O-O 16. h3 Nf6 17. Qe2 Qd7 18. f4 Rae8 19. Rad1 Bd8 ({Better is} 19... exf4 $1 $11 20. Bxf4 d5) 20. f5 Bf7 21. Be3 Qc6 22. g4 e4 23. Bc2 Bb6 24. Qf2 Bxe3 25. Qxe3 h6 $1 26. Rd2 Re5 27. Rfd1 d5 28. Nxd5 Nxd5 29. cxd5 Bxd5 30. Re1 Rfe8 31. Bd1 {[%cal Bc2d1,Bd1e2,Be2c4][%mdl 32]} Kh8 32. Be2 Qf6 33. Bc4 Qf7 34. Rxd5 Rxd5 35. f6 b5 36. fxg7+ ({White should try} 36. Bxd5 $11 Qxd5 37. fxg7+ Kxg7 38. Qa7+ Qf7 39. Qxf7+ (39. Qxa6 Qc7 $11) 39... Kxf7 40. Kf2) 36... Kxg7 $16 37. Qc3+ (37. Rf1 $16 bxc4 38. Rxf7+ (38. bxc4 Qe6 $14) 38... Kxf7 39. bxc4) 37... Kh7 {The position is equal.} 38. Bxd5 Qxd5 $11 {[%mdl 4096] Endgame KQR-KQR} 39. b4 Re7 40. Qe3 Qe5 41. Re2 Qd6 42. Rf2 Qe5 43. Rd2 Qg5 44. Qxg5 hxg5 45. Rd4 e3 {[%cal Be4e3,Be3e2][%mdl 32] [#] ( -> ...e2)} 46. Kf1 e2+ 47. Ke1 Re3 48. Rd5 {Precision: White = 45%, Black = 71%.} 1/2-1/2